[Event "Benidorm Bali op-A"]
[Site "Benidorm"]
[Date "2003.11.22"]
[Round "2"]
[White "Nunez, Alberto"]
[Black "Fossum, Oystein Boyum"]
[Result "0-1"]
[WhiteElo "2205"]
[BlackElo "2098"]
[PlyCount "130"]
[EventDate "2003.11.21"]
[EventType "swiss"]
[EventRounds "9"]
[EventCountry "ESP"]
[SourceTitle "CBM 097 Extra"]
[Source "ChessBase"]
[SourceDate "2004.01.13"]
[SourceVersion "1"]
[SourceVersionDate "2004.01.13"]
[SourceQuality "1"]

1. e4 c5 2. Nf3 g6 3. d4 cxd4 4. Nxd4 Bg7 5. c4 Nc6 6. Be3 Nf6 7. Nc3 0-0 8. Be2 d6 9. 0-0 Bd7 10. Qd2 Nxd4 11. Bxd4 Bc6 12. Bd3 a5 13. Rae1 a4 14. Kh1 Qa5 15. f4 e5 16. Be3 exf4 17. Bxf4 Ng4 18. Be2 Ne5 19. a3 Qc5 20. Qc1 Nxc4 21. Nxa4 Rxa4 22. b4 Qd4 23. Bxc4 Be5 24. Bh6 Bg7 25. Bxg7 Kxg7 26. Rf4 Qe5 27. Ref1 f6 28. b5 Bxb5 29. Bxb5 Qxb5 30. Qc7+ Rf7 31. Qxd6 Rxe4 32. R4f3 f5 33. h3 Rd7 34. Qg3 Qe5 35. Qg5 h6 36. Qc1 Re2 37. Qc8 Qc7 38. Qa8 Rd8 39. Qa7 Rde8 40. Rb3 R8e7 41. Qd4+ Qe5 42. Qa7 Qd5 43. Rg3 Qe5 44. Rff3 Re1+ 45. Kh2 Qa1 46. Rxg6+ Kxg6 47. Qb6+ R1e6 48. Qd8 Re8 49. Rg3+ Kh7 50. Qd7+ R8e7 51. Qc8 Qh8 52. Qc2 Qf6 53. Rf3 Re5 54. Qc8 Qe6 55. Qf8 Qf7 56. Qc8 f4 57. Qc2+ Qf5 58. Qd2 Re2 59. Qd1 Qg6 60. Qf1 R7e3 61. Rxf4 Qg3+ 62. Kh1 Re1 63. Rf7+ Kg6 64. Rf6+ Kg5 65. h4+ Qxh4+ 0-1